[Event "Continental"]
[Site "Sao Paulo BRA"]
[Date "2009.07.29"]
[Round "6.56"]
[White "Martins, Vinicius Tine"]
[Black "Bibiloni, Jorge Jaime"]
[Result "1-0"]
[WhiteElo "2250"]
[BlackElo "2109"]
[EventDate "2009.07.25"]
[PlyCount "161"]

1.Nf3 Nf6 2.c4 g6 3.Nc3 Bg7 4.e4 d6 5.d4 O-O 6.Be2 Bg4 7.O-O Nfd7 8.Be3 e5
9.d5 a5 10.a3 h6 11.Nd2 Bxe2 12.Qxe2 f5 13.exf5 gxf5 14.f4 Qe8 15.Qf3 Na6 
16.Qh3 Qg6 17.Rf3 Nf6 18.Rg3 Ng4 19.Nf3 Qh7 20.fxe5 dxe5 21.Nh4 Nxe3 22.
Rxe3 Nc5 23.Rf1 f4 24.Ree1 a4 25.Qg4 Ra6 26.Rxe5 Kh8 27.Rf5 Rg8 28.Qxf4 
Nd3 29.Qd2 Ne5 30.Qe2 Ng6 31.Nxg6+ Qxg6 32.g3 Raa8 33.Ne4 Qb6+ 34.Kh1 Qxb2
35.Qxb2 Bxb2 36.R5f3 b6 37.R1f2 Be5 38.Rf5 Rae8 39.Nf6 Bxf6 40.Rxf6 Rg4 
41.Rxh6+ Kg7 42.Rc6 Re7 43.Rf4 Rg5 44.Rd4 Rf5 45.Kg2 Rff7 46.Re6 Rd7 47.h4
Rf8 48.h5 Rb8 49.Rg4+ Kh7 50.Rgg6 Kh8 51.Rh6+ Kg8 52.Reg6+ Rg7 53.d6 cxd6 
54.Rxg7+ Kxg7 55.Rxd6 b5 56.cxb5 Rxb5 57.h6+ Kh7 58.Ra6 Rb3 59.Rxa4 Kxh6 
60.Kh3 Rc3 61.Kh4 Rd3 62.Ra6+ Kg7 63.g4 Rd4 64.Kh5 Rc4 65.Ra7+ Kg8 66.g5 
Rc6 67.a4 Kh8 68.a5 Kg8 69.Re7 Rd6 70.g6 Rd1 71.a6 Rh1+ 72.Kg5 Rg1+ 73.Kf5
Rf1+ 74.Ke5 Re1+ 75.Kd6 Rd1+ 76.Kc5 Rc1+ 77.Kd4 Rd1+ 78.Kc3 Kf8 79.g7+ Kg8
80.a7 Rc1+ 81.Kb2 1-0

[Event "Continental"]
[Site "Sao Paulo BRA"]
[Date "2009.07.29"]
[Round "6.57"]
[White "Avalos Parra, Joao"]
[Black "Quintiliano Pinto, Renato Rodrigues"]
[Result "1/2-1/2"]
[WhiteElo "2243"]
[BlackElo "2059"]
[EventDate "2009.07.25"]
[PlyCount "53"]

1.d4 d5 2.c4 c6 3.Nf3 Nf6 4.Nc3 e6 5.Bg5 dxc4 6.e4 b5 7.e5 h6 8.Bh4 g5 9.
exf6 gxh4 10.Ne5 Qxf6 11.g3 Bb4 12.Bg2 Bb7 13.O-O Bxc3 14.bxc3 Nd7 15.Bxc6
Bxc6 16.Nxc6 O-O 17.Qg4+ Kh7 18.Rae1 Nb6 19.f4 Rg8 20.Qf3 Nd5 21.Ne5 Qf5 
22.Rf2 Rg7 23.Nd7 a5 24.Nc5 b4 25.Ne4 Ra6 26.Qe2 Rc6 27.Qc2 1/2-1/2

[Event "Continental"]
[Site "Sao Paulo BRA"]
[Date "2009.07.29"]
[Round "6.58"]
[White "Brito, Luismar"]
[Black "Rodrigues, Bruno Morado"]
[Result "1-0"]
[WhiteElo "2351"]
[BlackElo "1953"]
[EventDate "2009.07.25"]
[PlyCount "58"]

1.e4 c5 2.Nf3 Nc6 3.Nc3 Nf6 4.d4 cxd4 5.Nxd4 e5 6.Ndb5 h6 7.Nd6+ Bxd6 8.
Qxd6 Qe7 9.Qxe7+ Kxe7 10.b3 d6 11.Ba3 Be6 12.O-O-O Rhd8 13.f3 a6 14.Bd3 b5
15.Ne2 b4 16.Bb2 Nd7 17.c4 Nc5 18.Kb1 a5 19.Bc2 f6 20.Nc1 g5 21.Nd3 h5 22.
g3 h4 23.f4 Nxd3 24.Rxd3 hxg3 25.fxg5 gxh2 26.gxf6+ Kxf6 27.Rxh2 Ne7 28.
Rh7 Ng6 29.Rf3+ Nf4 1-0

[Event "Continental"]
[Site "Sao Paulo BRA"]
[Date "2009.07.29"]
[Round "6.59"]
[White "Prieto Sanabria, Ernesto"]
[Black "Alvarez Marquez, Johann"]
[Result "1/2-1/2"]
[WhiteElo "2104"]
[BlackElo "2431"]
[EventDate "2009.07.25"]
[PlyCount "143"]

1.e4 c5 2.Nf3 Nc6 3.d4 cxd4 4.Nxd4 e5 5.Nb5 d6 6.c4 Be7 7.N1c3 a6 8.Na3 
Be6 9.Be2 Bg5 10.O-O Bxc1 11.Rxc1 Nge7 12.Nc2 O-O 13.Qd2 Qb6 14.Nd5 Bxd5 
15.exd5 Nb8 16.b4 Nd7 17.Ne3 Rfd8 18.Bg4 Nf6 19.c5 Qc7 20.Rfd1 Qb8 21.c6 
bxc6 22.dxc6 Qc7 23.a4 d5 24.h3 h5 25.Be2 d4 26.Nc4 Ne4 27.Qb2 Nc3 28.b5 
Nxa4 29.b6 Qxc6 30.Qa3 Nc3 31.Rxc3 dxc3 32.Rxd8+ Rxd8 33.Qxe7 Qd7 34.Qxd7 
Rxd7 35.Ne3 Rb7 36.Bxa6 Rxb6 37.Bd3 Rd6 38.Bc2 g6 39.g4 hxg4 40.hxg4 Kf8 
41.Kf1 Ke7 42.Ke1 Kf6 43.Ke2 Kg5 44.Bb3 f5 45.gxf5 gxf5 46.Nd5 e4 47.Ke3 
Kg4 48.Bd1+ Kg5 49.Kd4 Rd8 50.Bb3 Rh8 51.Nxc3 Rh3 52.Bc4 Rf3 53.Nxe4+ fxe4
54.Kxe4 Rxf2 55.Kd4 Rc2 56.Bd3 Rc1 57.Be4 Kf4 58.Bg6 Rc6 59.Bh7 Rd6+ 60.
Kc3 Ke3 61.Bg8 Rc6+ 62.Kb2 Kd2 63.Bd5 Rb6+ 64.Ka1 Kc3 65.Be4 Rb5 66.Bg6 
Rg5 67.Be4 Kb3 68.Bh7 Rg7 69.Bf5 Ra7+ 70.Kb1 Re7 71.Bc2+ Kc3 72.Bg6 
1/2-1/2

[Event "Continental"]
[Site "Sao Paulo BRA"]
[Date "2009.07.29"]
[Round "6.60"]
[White "Ferreira, Kleber Victor"]
[Black "Cornejo, Max"]
[Result "0-1"]
[WhiteElo "2094"]
[BlackElo "2371"]
[EventDate "2009.07.25"]
[PlyCount "96"]

1.d4 Nf6 2.Nc3 d5 3.e4 Nxe4 4.Nxe4 dxe4 5.Bc4 Nc6 6.c3 e5 7.d5 Ne7 8.Qb3 
Nf5 9.Bb5+ Bd7 10.Bxd7+ Qxd7 11.Qxb7 Rd8 12.Qxa7 Qxd5 13.Qa4+ c6 14.Ne2 
Be7 15.Ng3 Nxg3 16.hxg3 e3 17.Bxe3 Qxg2 18.Rf1 Qf3 19.Qc4 O-O 20.Qe2 Qe4 
21.f3 Qg6 22.Rg1 f5 23.Rd1 Rxd1+ 24.Kxd1 f4 25.Qc4+ Kh8 26.gxf4 Qb1+ 27.
Ke2 Qxb2+ 28.Bd2 Rd8 29.Rd1 exf4 30.Qb3 Qxb3 31.axb3 g5 32.c4 Kg7 33.Ra1 
Kg6 34.Ra7 Re8 35.Kd3 Bc5 36.Rc7 Re6 37.b4 Be3 38.Bc3 h5 39.b5 cxb5 40.
cxb5 g4 41.Rc6 Kf5 42.Rxe6 Kxe6 43.Ke2 Kd5 44.Ba5 Kc5 45.b6 Kc6 46.Be1 
Bxb6 47.Bd2 Bc7 48.Kd3 g3 0-1

[Event "Continental"]
[Site "Sao Paulo BRA"]
[Date "2009.07.29"]
[Round "6.61"]
[White "Sega, Carlos Alberto"]
[Black "Monteiro Neto, Cesidio Rocha"]
[Result "1/2-1/2"]
[WhiteElo "2293"]
[BlackElo "2145"]
[EventDate "2009.07.25"]
[PlyCount "55"]

1.c4 c5 2.Nc3 g6 3.g3 Bg7 4.Bg2 Nc6 5.d3 e5 6.Nf3 d6 7.O-O Nge7 8.Bd2 O-O 
9.a3 Rb8 10.b4 b6 11.Ne1 Nd4 12.e3 Ne6 13.Nc2 Bb7 14.Bxb7 Rxb7 15.e4 f5 
16.f3 f4 17.Qe2 Nc6 18.Qg2 Rbf7 19.g4 Bf6 20.Nd5 Bh4 21.b5 Ncd4 22.Nxd4 
Nxd4 23.Ra2 a5 24.Be1 Bxe1 25.Rxe1 h6 26.Rf1 Rh7 27.h4 h5 28.g5 1/2-1/2

[Event "Continental"]
[Site "Sao Paulo BRA"]
[Date "2009.07.29"]
[Round "6.62"]
[White "Abdalla, Luiz Guilherme Aurelli"]
[Black "Aranha Filho, Alvaro Zimmermann"]
[Result "0-1"]
[WhiteElo "2089"]
[BlackElo "2292"]
[EventDate "2009.07.25"]
[PlyCount "55"]

1.d4 Nf6 2.c4 e6 3.Nc3 Bb4 4.a3 Bxc3+ 5.bxc3 c5 6.f3 Nc6 7.e4 d6 8.Be3 b6 
9.Bd3 Qd7 10.f4 O-O 11.Nf3 Ng4 12.Bc1 f5 13.O-O Na5 14.d5 Ba6 15.Ng5 exd5 
16.exf5 Nf6 17.Ne6 dxc4 18.Nxf8 Rxf8 19.Bc2 d5 20.g4 d4 21.g5 Bb7 22.gxf6 
d3 23.Be3 Rxf6 24.Qd2 Qxf5 25.Qf2 Qh3 26.Bxd3 Rd6 27.Bxh7+ Kxh7 28.Qe2 0-1

[Event "Continental"]
[Site "Sao Paulo BRA"]
[Date "2009.07.29"]
[Round "6.63"]
[White "Viana da Costa, Fernando"]
[Black "Shiroma, Silvio Haruo"]
[Result "1-0"]
[WhiteElo "2284"]
[BlackElo "2119"]
[EventDate "2009.07.25"]
[PlyCount "63"]

1.d4 Nf6 2.Bg5 Ne4 3.Bf4 d5 4.f3 Nf6 5.e4 dxe4 6.Nc3 exf3 7.Nxf3 e6 8.Bd3 
c5 9.dxc5 Bxc5 10.Qe2 O-O 11.O-O-O Qa5 12.Kb1 Nc6 13.Bd2 Be7 14.g4 Nd5 15.
Nxd5 Qxd5 16.Bc3 Qc5 17.Qe4 f5 18.gxf5 exf5 19.Bc4+ Kh8 20.Qf4 Bf6 21.Bxf6
Rxf6 22.Ng5 h6 23.h4 b5 24.Bb3 Bb7 25.Rd5 Qe7 26.Rhd1 Rd8 27.Rxd8+ Nxd8 
28.Qb8 hxg5 29.hxg5 Rd6 30.Qxd6 Qxd6 31.Rxd6 Nc6 32.g6 1-0

[Event "Continental"]
[Site "Sao Paulo BRA"]
[Date "2009.07.29"]
[Round "6.64"]
[White "Caldeira Marques, Adriano"]
[Black "Maia, Jose Eduardo Bastos"]
[Result "1/2-1/2"]
[WhiteElo "2268"]
[BlackElo "2118"]
[EventDate "2009.07.25"]
[PlyCount "99"]

1.e4 e5 2.Nf3 Nc6 3.Bc4 Bc5 4.b4 Bxb4 5.c3 Ba5 6.d4 Bb6 7.dxe5 Nge7 8.Ng5 
Nxe5 9.Qh5 N7g6 10.Be2 Qf6 11.O-O h6 12.Nf3 d6 13.Nxe5 Nxe5 14.Bd1 Be6 15.
Na3 g6 16.Qe2 Qh4 17.Qc2 Bg4 18.Bb2 O-O 19.Nb5 Rae8 20.Nd4 Bxd1 21.Raxd1 
Nc6 22.Nxc6 bxc6 23.Rfe1 Re6 24.g3 Qh5 25.c4 Ba5 26.Re3 Rfe8 27.e5 Bb6 28.
Red3 Bc5 29.Kg2 dxe5 30.Rd7 e4 31.Qc3 f6 32.Rd8 Qf3+ 33.Qxf3 exf3+ 34.Kxf3
Kf7 35.Bc1 Rxd8 36.Rxd8 h5 37.Bf4 Bb6 38.h4 Re8 39.Rd1 Re7 40.Rd8 Re8 41.
Rd7+ Re7 42.Rd8 Ke6 43.Be3 Bxe3 44.fxe3 Kf5 45.Ra8 Re4 46.Rxa7 Rxc4 47.
Rxc7 Ra4 48.Rxc6 Rxa2 49.Rc5+ Ke6 50.Rb5 1/2-1/2

[Event "Continental"]
[Site "Sao Paulo BRA"]
[Date "2009.07.29"]
[Round "6.65"]
[White "Silva, Sergio"]
[Black "Cordoba Ramirez, Carlos"]
[Result "1/2-1/2"]
[WhiteElo "2072"]
[BlackElo "2268"]
[EventDate "2009.07.25"]
[PlyCount "85"]

1.d4 Nf6 2.Bg5 Ne4 3.Bf4 c5 4.f3 Qa5+ 5.c3 Nf6 6.d5 d6 7.e4 g6 8.Na3 Bg7 
9.Nc4 Qd8 10.a4 O-O 11.Bd3 Nh5 12.Be3 e6 13.Ne2 exd5 14.exd5 Nf6 15.Bf4 
Nxd5 16.Bxd6 Re8 17.Be4 Nf6 18.Bd3 Nd5 19.Be4 Nf6 20.Bd3 Bf8 21.Bxf8 Kxf8 
22.Qd2 Kg7 23.O-O Be6 24.Rad1 Nc6 25.Nf4 Qc7 26.Nxe6+ Rxe6 27.Qf2 b6 28.
Rfe1 Rxe1+ 29.Rxe1 Rd8 30.Bf1 Rd7 31.Ne3 Qd8 32.Bb5 Rc7 33.Bxc6 Rxc6 34.
Nc4 Qd5 35.b3 Rc7 36.Qd2 Qxd2 37.Nxd2 Rd7 38.Nc4 Kf8 39.Kf2 Rd3 40.Re3 Rd1
41.Re5 Rd3 42.Re3 Rd1 43.Re1 1/2-1/2

[Event "Continental"]
[Site "Sao Paulo BRA"]
[Date "2009.07.29"]
[Round "6.66"]
[White "Hirota da Silva, Nilton Jose"]
[Black "Andrade, Roberto Luiz Costa"]
[Result "0-1"]
[WhiteElo "2067"]
[BlackElo "2251"]
[EventDate "2009.07.25"]
[PlyCount "115"]

1.Nf3 Nf6 2.g3 b6 3.Bg2 Bb7 4.O-O g6 5.b3 Bg7 6.Bb2 O-O 7.d3 d6 8.Nbd2 
Nbd7 9.e4 c5 10.Qe2 Qc7 11.c4 Rfd8 12.Ng5 h6 13.Nh3 Ne5 14.f4 Nc6 15.Nf3 
e6 16.Rae1 e5 17.Bc1 Re8 18.Qd1 Rad8 19.Nf2 Bc8 20.Bh3 Bxh3 21.Nxh3 Qc8 
22.Kg2 Nh7 23.Bd2 Ne7 24.Qc1 f6 25.f5 g5 26.Nf2 Kf7 27.h4 Rh8 28.h5 Qc6 
29.g4 Ra8 30.Nd1 a6 31.Nc3 b5 32.Nd5 Rhb8 33.Be3 a5 34.Qd2 a4 35.cxb5 Rxb5
36.Nc3 axb3 37.Nxb5 Rxa2 38.Qxa2 bxa2 39.Nc3 Qa6 40.Ra1 Qxd3 41.Bd2 d5 42.
Nxd5 Nxd5 43.exd5 e4 44.Rxa2 Qe2+ 45.Rf2 exf3+ 46.Kg1 Qd1+ 47.Kh2 Bf8 48.
Ra6 Qb3 49.d6 Bxd6+ 50.Rxd6 Qb8 51.Bf4 gxf4 52.Rd7+ Kg8 53.Rfd2 Qb1 54.
Rd8+ Nf8 55.Rf2 Qe1 56.Rdd2 Nd7 57.Ra2 Ne5 58.Kh3 0-1

[Event "Continental"]
[Site "Sao Paulo BRA"]
[Date "2009.07.29"]
[Round "6.67"]
[White "Chang, Suzana"]
[Black "Gattass, Allan"]
[Result "1-0"]
[WhiteElo "2047"]
[BlackElo "2249"]
[EventDate "2009.07.25"]
[PlyCount "75"]

1.d4 d5 2.c4 e6 3.Nc3 Nf6 4.cxd5 exd5 5.Bg5 c6 6.Qc2 Be7 7.e3 h6 8.Bh4 Ne4
9.Bxe7 Qxe7 10.Nxd5 cxd5 11.Qxc8+ Qd8 12.Qxd8+ Kxd8 13.f3 Nd6 14.Ne2 Re8 
15.Nc3 Nc6 16.Kf2 Ne7 17.Bd3 a6 18.Rac1 b5 19.g4 Kd7 20.Rc2 Rf8 21.Rhc1 
Ra7 22.b3 f5 23.h3 Rb7 24.Kg3 g5 25.Ne2 a5 26.Rc5 Ke6 27.Kg2 Ra8 28.Nc3 
fxg4 29.hxg4 a4 30.b4 a3 31.Bc2 Nc4 32.Bf5+ Nxf5 33.gxf5+ Kd6 34.Kf2 Ra4 
35.Rh1 Ke7 36.Rxh6 Nd6 37.Re6+ Kd7 38.Rxd5 1-0

[Event "Continental"]
[Site "Sao Paulo BRA"]
[Date "2009.07.29"]
[Round "6.68"]
[White "Rodrigues, Nei Jorge"]
[Black "Ramon Pita, Vivian"]
[Result "1/2-1/2"]
[WhiteElo "2033"]
[BlackElo "2233"]
[EventDate "2009.07.25"]
[PlyCount "173"]

1.Nf3 Nf6 2.g3 d5 3.Bg2 c6 4.b3 Bg4 5.Bb2 Nbd7 6.O-O e6 7.d3 Be7 8.Nbd2 
O-O 9.c4 a5 10.a3 Qb8 11.Qc2 Rc8 12.Rac1 b5 13.cxd5 cxd5 14.Qxc8+ Qxc8 15.
Rxc8+ Rxc8 16.Rc1 Rxc1+ 17.Bxc1 e5 18.Kf1 h6 19.h3 Be6 20.e3 Bd6 21.Ke2 
Kf8 22.Kd1 Nc5 23.Kc2 Bf5 24.Bf1 b4 25.axb4 axb4 26.Bb2 Nfd7 27.Ne1 f6 28.
Bg2 Nb6 29.e4 Be6 30.g4 Ncd7 31.d4 Ke7 32.Nd3 Bf7 33.dxe5 fxe5 34.f4 exf4 
35.Bxg7 dxe4 36.Bxe4 h5 37.Bh6 hxg4 38.hxg4 Nf6 39.Bxf4 Bxf4 40.Nxf4 Nxg4 
41.Nf1 Nf2 42.Bh7 Kd6 43.Nd3 Nxd3 44.Bxd3 Nd5 45.Bc4 Kc5 46.Kd2 Bg6 47.Ne3
Nb6 48.Bg8 Nd7 49.Nc2 Bxc2 50.Kxc2 Kd4 51.Kd2 Nf6 52.Bf7 Ne4+ 53.Kc2 Ke3 
54.Bc4 Nd6 55.Bd5 Nb5 56.Bc4 Na3+ 57.Kb2 Kd2 58.Ba6 Nc2 59.Bc4 Ne3 60.Bf7 
Nd1+ 61.Kb1 Kc3 62.Bg8 Nf2 63.Bf7 Nd3 64.Bg8 Nc5 65.Ka2 Nd3 66.Kb1 Nc5 67.
Ka2 Kc2 68.Bh7+ Nd3 69.Ka1 Kc3 70.Kb1 Nc5 71.Bg8 Nxb3 72.Bf7 Nd2+ 73.Ka2 
Ne4 74.Bg8 Nc5 75.Bf7 Kc2 76.Bg6+ Kc3 77.Bf7 Nd3 78.Bg8 Kc2 79.Bb3+ Kc3 
80.Bf7 Nc1+ 81.Kb1 Ne2 82.Ka2 Nd4 83.Bg8 Nf3 84.Bf7 Nd2 85.Bg8 Ne4 86.Bf7 
Nc5 87.Bg8 1/2-1/2

[Event "Continental"]
[Site "Sao Paulo BRA"]
[Date "2009.07.29"]
[Round "6.70"]
[White "Salama, Andre Sasson"]
[Black "Markzon, Gregory"]
[Result "0-1"]
[WhiteElo "1983"]
[BlackElo "2231"]
[EventDate "2009.07.25"]
[PlyCount "58"]

1.e4 c5 2.Nf3 Nc6 3.Bb5 g6 4.O-O Bg7 5.Re1 e5 6.d3 Nge7 7.Be3 d6 8.c3 O-O 
9.d4 exd4 10.cxd4 Bg4 11.dxc5 Bxf3 12.gxf3 Bxb2 13.cxd6 Bxa1 14.dxe7 Qxe7 
15.Bxc6 bxc6 16.Nd2 Bg7 17.Qc2 Qe6 18.Nb3 Be5 19.Kg2 Rfd8 20.Nc5 Qf6 21.
Nd3 Bd4 22.Bf4 Bb6 23.Bg3 h5 24.h4 Rac8 25.Rc1 Bc7 26.Qxc6 Qxc6 27.Rxc6 
Rxd3 28.a4 Rd7 29.a5 f6 0-1

[Event "Continental"]
[Site "Sao Paulo BRA"]
[Date "2009.07.29"]
[Round "6.71"]
[White "Chemin, Vitorio"]
[Black "Azevedo, Alcides Alexandre"]
[Result "1/2-1/2"]
[WhiteElo "2228"]
[BlackElo "2105"]
[EventDate "2009.07.25"]
[PlyCount "85"]

1.Nf3 c5 2.c3 d5 3.d4 e6 4.e3 Nf6 5.Nbd2 Nc6 6.Bd3 Bd6 7.O-O O-O 8.dxc5 
Bxc5 9.e4 Qc7 10.Qe2 Bd6 11.Re1 Nd7 12.Nf1 Nce5 13.Nxe5 Nxe5 14.Bc2 dxe4 
15.Bxe4 f5 16.Bc2 Bd7 17.Bf4 Nf3+ 18.Qxf3 Bxf4 19.Bb3 Rae8 20.Rad1 Bg5 21.
Qg3 Bf4 22.Qd3 Bc8 23.Qc4 Qxc4 24.Bxc4 Kf7 25.Ne3 Kf6 26.Nc2 Rd8 27.g3 Bc7
28.f4 a6 29.a4 Rxd1 30.Rxd1 Rd8 31.Nd4 Bb6 32.Kf2 e5 33.fxe5+ Kxe5 34.Re1+
Kf6 35.Ke3 Re8+ 36.Kd2 Rxe1 37.Kxe1 Bxd4 38.cxd4 Be6 39.Be2 a5 40.Bf3 b6 
41.Kd2 Bb3 42.Bc6 Ke6 43.Ke3 1/2-1/2

[Event "Continental"]
[Site "Sao Paulo BRA"]
[Date "2009.07.29"]
[Round "6.72"]
[White "Calcado, Acyr Rogerio"]
[Black "Pires, Marcos Vinicius Torsani"]
[Result "0-1"]
[WhiteElo "2201"]
[BlackElo "2100"]
[EventDate "2009.07.25"]
[PlyCount "62"]

1.e4 c5 2.Nf3 d6 3.d4 cxd4 4.Qxd4 Nc6 5.Bb5 Bd7 6.Bxc6 Bxc6 7.Nc3 Nf6 8.
Bg5 e6 9.O-O-O Be7 10.Rhe1 O-O 11.Qd2 h6 12.Bxf6 Bxf6 13.Nd4 Rc8 14.Kb1 a6
15.f4 b5 16.Nxc6 Rxc6 17.Ne2 Qb6 18.Nd4 Rc4 19.Nf3 Rfc8 20.Qxd6 Qa5 21.Qd2
Qa4 22.b3 Qa3 23.Qc1 Qa5 24.Re2 Ra4 25.c4 Raxc4 26.Qd2 Bc3 27.Qe3 R4c7 28.
Rc2 b4 29.Rdc1 Rd8 30.Ng1 Rcd7 31.Ne2 Bd2 0-1

[Event "Continental"]
[Site "Sao Paulo BRA"]
[Date "2009.07.29"]
[Round "6.73"]
[White "Madeira, Wagner Martins"]
[Black "Mata, Luis Carlos da"]
[Result "1-0"]
[WhiteElo "2184"]
[BlackElo "2079"]
[EventDate "2009.07.25"]
[PlyCount "59"]

1.e4 c5 2.c3 Nf6 3.e5 Nd5 4.d4 cxd4 5.Nf3 Nc6 6.cxd4 d6 7.Bc4 e6 8.O-O Be7
9.Qe2 dxe5 10.dxe5 O-O 11.Nc3 Nxc3 12.bxc3 Qc7 13.Qe4 b6 14.Re1 Bb7 15.Qg4
Rfd8 16.Bh6 g6 17.Bxe6 fxe6 18.Qxe6+ Kh8 19.Qf7 Rg8 20.Ng5 Bxg5 21.Qxc7 
Bxh6 22.Qxb7 Na5 23.Qf3 Rgf8 24.Qh3 Bg7 25.Rad1 Nb7 26.e6 Nc5 27.e7 Rfe8 
28.Qf3 Rac8 29.Qf7 Bxc3 30.Re3 1-0

[Event "Continental"]
[Site "Sao Paulo BRA"]
[Date "2009.07.29"]
[Round "6.74"]
[White "Almeida, Heitor de"]
[Black "Batista, Renato Luiz"]
[Result "0-1"]
[WhiteElo "1958"]
[BlackElo "2178"]
[EventDate "2009.07.25"]
[PlyCount "64"]

1.d4 Nf6 2.c4 g6 3.Nc3 Bg7 4.e4 d6 5.Nf3 O-O 6.Be2 Nbd7 7.O-O e5 8.Qc2 c6 
9.d5 c5 10.g3 h6 11.Nh4 Qe7 12.a3 Re8 13.b4 b6 14.Rb1 Kh7 15.Bd2 Ng8 16.
Nb5 Nf8 17.bxc5 bxc5 18.Ba5 Bh3 19.Nc7 Bxf1 20.Bxf1 Bf6 21.Nf3 Qd7 22.Rb2 
Bd8 23.Rb7 Qc8 24.Qb3 Re7 25.Nxe5 Rxc7 26.Bxc7 Bxc7 27.Nxf7 Qd7 28.e5 dxe5
29.d6 Qxf7 30.Rxc7 Nd7 31.Qb7 Rd8 32.Rxc5 Rf8 0-1

[Event "Continental"]
[Site "Sao Paulo BRA"]
[Date "2009.07.29"]
[Round "6.75"]
[White "Barrera Meza, Carlos"]
[Black "Chin Li, Victor"]
[Result "1-0"]
[WhiteElo "2177"]
[BlackElo "2034"]
[EventDate "2009.07.25"]
[PlyCount "95"]

1.e4 e6 2.d3 d5 3.Nd2 Nf6 4.Ngf3 c5 5.g3 Nc6 6.Bg2 Be7 7.O-O O-O 8.e5 Nd7 
9.Re1 Qc7 10.Qe2 b5 11.Nf1 Ba6 12.h4 Nd4 13.Nxd4 cxd4 14.Bf4 Rfc8 15.Qg4 
Kh8 16.Re2 Qd8 17.Nh2 Rc6 18.Nf3 Bc5 19.Ng5 Qg8 20.Qh5 Rf8 21.Bh3 f5 22.
exf6 Nxf6 23.Qf3 Bc8 24.Rae1 Re8 25.Be5 Rf8 26.Bf4 Re8 27.Qg2 Bb4 28.Rc1 
Bd7 29.Nf3 Rec8 30.Nxd4 Ra6 31.a3 Bc5 32.Nb3 Bf8 33.Nd4 Bc5 34.Nb3 Bf8 35.
Rce1 b4 36.axb4 Bxb4 37.c3 Bf8 38.Nd4 Re8 39.Be5 Qf7 40.Qf3 Rb6 41.g4 Qg6 
42.Kh1 Bc5 43.g5 Bxd4 44.Bxd4 e5 45.Bxb6 e4 46.Bxd7 Nxd7 47.Bd4 Rf8 48.Qg4
1-0

[Event "Continental"]
[Site "Sao Paulo BRA"]
[Date "2009.07.29"]
[Round "6.76"]
[White "Souza, Marcos Valerio"]
[Black "Tratz, Leonardo Schmaedecke"]
[Result "1-0"]
[WhiteElo "2169"]
[BlackElo "2032"]
[EventDate "2009.07.25"]
[PlyCount "61"]

1.e4 c5 2.Nf3 a6 3.d4 cxd4 4.Nxd4 Nf6 5.Nc3 e5 6.Nb3 Bb4 7.Bg5 d6 8.Qd3 
Bxc3+ 9.bxc3 h6 10.Bxf6 Qxf6 11.Rd1 Ke7 12.Be2 Nc6 13.O-O b5 14.Qd5 Bd7 
15.Nc5 Ra7 16.Nxd7 Kxd7 17.Bg4+ Kc7 18.Rd3 Ne7 19.Qb3 Qg6 20.Bh3 Rf8 21.c4
Qxe4 22.cxb5 axb5 23.Rfd1 Ra6 24.Qxb5 Qc6 25.Rc3 Qxc3 26.Qd7+ Kb6 27.Rb1+ 
Kc5 28.Qb5+ Kd4 29.Rd1+ Qd2 30.Rxd2+ Kc3 31.Rd3+ 1-0

[Event "Continental"]
[Site "Sao Paulo BRA"]
[Date "2009.07.29"]
[Round "6.77"]
[White "Ferreira, Euclides Roberto"]
[Black "Terao, Juliana Sayumi"]
[Result "1-0"]
[WhiteElo "1960"]
[BlackElo "2168"]
[EventDate "2009.07.25"]
[PlyCount "69"]

1.e4 c5 2.d4 cxd4 3.Nf3 e6 4.Nxd4 a6 5.Be2 Qc7 6.O-O Nc6 7.Be3 Nf6 8.Nxc6 
dxc6 9.Qd3 e5 10.f4 Be6 11.Nd2 Rd8 12.Qc3 exf4 13.Bxf4 Qb6+ 14.Kh1 Qb4 15.
Qg3 Be7 16.c3 Qxb2 17.Rab1 Qxa2 18.Rxb7 Rg8 19.Be3 Nd7 20.Qc7 Qa3 21.Nc4 
Qxc3 22.Qxc6 Bf6 23.Bb6 Ke7 24.Bc5+ Ke8 25.Nd6+ Kf8 26.Nb5+ Qxc5 27.Qxa6 
Ke7 28.Rd1 Rb8 29.Rc7 Qb6 30.Qa3+ Kd8 31.Qd3 Rb7 32.Qxd7+ Bxd7 33.Rdxd7+ 
Ke8 34.Rxb7 Qc5 35.Nd6+ 1-0

[Event "Continental"]
[Site "Sao Paulo BRA"]
[Date "2009.07.29"]
[Round "6.78"]
[White "Condori Aranya, Edwin"]
[Black "Pertuzatti, Daniel"]
[Result "1-0"]
[WhiteElo "2160"]
[BlackElo "2011"]
[EventDate "2009.07.25"]
[PlyCount "95"]

1.c4 e5 2.g3 Nc6 3.Bg2 d6 4.Nc3 f5 5.d3 Be7 6.e3 Nf6 7.Nge2 O-O 8.O-O Be6 
9.Nd5 Qd7 10.Rb1 Bxd5 11.cxd5 Nd8 12.b4 c6 13.Nc3 h6 14.Bd2 Rc8 15.Qa4 Kh7
16.Qxa7 cxd5 17.Nxd5 Nc6 18.Qa4 Ra8 19.Qb3 Nxd5 20.Qxd5 Bf6 21.b5 Nd8 22.
Bb4 Be7 23.Rfc1 Rf6 24.Rc2 Rc8 25.Rbc1 Rxc2 26.Rxc2 b6 27.a4 Qa7 28.Ra2 f4
29.d4 fxe3 30.fxe3 Qc7 31.Rc2 Qa7 32.dxe5 dxe5 33.Be4+ g6 34.Qxe5 Re6 35.
Rc7 Rxe5 36.Rxa7 Rxe4 37.Rxe7+ Rxe7 38.Bxe7 Nb7 39.Kf2 Kg7 40.e4 Kf7 41.
Bb4 Ke6 42.Ke3 Ke5 43.Kd3 Ke6 44.Kd4 Nd8 45.Bd2 Nb7 46.Bxh6 Nc5 47.Bf8 
Nxa4 48.Ba3 1-0

[Event "Continental"]
[Site "Sao Paulo BRA"]
[Date "2009.07.29"]
[Round "6.79"]
[White "Freitas, Julio Eimard de"]
[Black "Lucena, Lincoln"]
[Result "0-1"]
[WhiteElo "1870"]
[BlackElo "2150"]
[EventDate "2009.07.25"]
[PlyCount "72"]

1.d4 d5 2.c4 e6 3.Nf3 Nf6 4.g3 Be7 5.Bg2 O-O 6.O-O dxc4 7.Ne5 Nc6 8.Nxc6 
bxc6 9.Nc3 Rb8 10.e3 c5 11.d5 exd5 12.Bxd5 Nxd5 13.Qxd5 Qxd5 14.Nxd5 Bd6 
15.f4 Bf5 16.Re1 Rfe8 17.a4 Bd3 18.Ra3 c6 19.Nc3 Bc7 20.e4 Ba5 21.e5 f6 
22.Kf2 fxe5 23.Rxe5 Rxe5 24.fxe5 Bc7 25.e6 Be5 26.Nd1 Bd4+ 27.Kg2 Be4+ 28.
Kf1 Rf8+ 29.Ke2 Bd3+ 30.Rxd3 cxd3+ 31.Kxd3 Rf1 32.Ke2 Rf6 33.Kd3 Rxe6 34.
b4 Re1 35.Kd2 Rh1 36.bxc5 Bxc5 0-1

[Event "Continental"]
[Site "Sao Paulo BRA"]
[Date "2009.07.29"]
[Round "6.80"]
[White "Utiyama, Marcel Heimar Ribeiro"]
[Black "Cirilo, Guilherme de Araujo"]
[Result "1-0"]
[WhiteElo "2146"]
[BlackElo "1803"]
[EventDate "2009.07.25"]
[PlyCount "53"]

1.e4 c6 2.d4 d5 3.Nc3 dxe4 4.Nxe4 Bf5 5.Ng3 Bg6 6.h4 h6 7.Nf3 Nd7 8.h5 Bh7
9.Bd3 Bxd3 10.Qxd3 e6 11.Bd2 Qc7 12.O-O-O Ngf6 13.Ne4 O-O-O 14.g3 Nxe4 15.
Qxe4 Nf6 16.Qe2 Bd6 17.c4 c5 18.Bc3 Rhe8 19.Ne5 Kb8 20.Kb1 a6 21.g4 Qe7 
22.f3 Nd7 23.Nxd7+ Rxd7 24.dxc5 Bxc5 25.Qe5+ Ka8 26.Rxd7 Qxd7 27.Qxc5 1-0

[Event "Continental"]
[Site "Sao Paulo BRA"]
[Date "2009.07.29"]
[Round "6.81"]
[White "Cuevas Araya, Walter"]
[Black "Marques, Joao Paulo Cassemiro"]
[Result "0-1"]
[WhiteElo "2317"]
[BlackElo "1593"]
[EventDate "2009.07.25"]
[PlyCount "98"]

1.d4 f5 2.Nf3 Nf6 3.g3 g6 4.Bg2 Bg7 5.O-O O-O 6.c4 d6 7.Nc3 c6 8.Qc2 Qe8 
9.d5 e5 10.dxe6 Bxe6 11.Bf4 Qe7 12.Rfd1 Rd8 13.Na4 Na6 14.a3 h6 15.Nd4 Nc5
16.Nxc5 dxc5 17.Nxe6 Qxe6 18.Rd3 g5 19.Be3 Re8 20.Rad1 Ng4 21.Bxc5 Qxe2 
22.R3d2 Qe6 23.h3 Ne5 24.b3 Nf7 25.Rd7 b6 26.Be3 Red8 27.Rxd8+ Rxd8 28.
Rxd8+ Nxd8 29.c5 b5 30.a4 a6 31.axb5 axb5 32.Qd1 Bf6 33.Qh5 Nf7 34.Qg6+ 
Kf8 35.Kh2 Ke7 36.Qg8 Be5 37.Qa8 f4 38.Bd2 fxg3+ 39.fxg3 Qxb3 40.Be1 Qe3 
41.Qa5 Bd4 42.h4 h5 43.hxg5 Qg1+ 44.Kh3 Nxg5+ 45.Kh4 Bf6 46.Qc7+ Kf8 47.
Kxh5 Qxg2 48.Kg6 Qe4+ 49.Kh6 Nf7+ 0-1

[Event "Continental"]
[Site "Sao Paulo BRA"]
[Date "2009.07.29"]
[Round "6.82"]
[White "Suasnabar Faustor, Jesus"]
[Black "Santiago, Yago de Moura"]
[Result "0-1"]
[WhiteElo "2027"]
[BlackElo "2327"]
[EventDate "2009.07.25"]
[PlyCount "66"]

1.d4 Nf6 2.Nf3 g6 3.c4 Bg7 4.Nc3 d5 5.Bf4 c6 6.e3 O-O 7.h3 Nbd7 8.Be2 Ne4 
9.O-O Ndf6 10.Nxe4 Nxe4 11.Nd2 h6 12.cxd5 cxd5 13.Nxe4 dxe4 14.Qb3 g5 15.
Bg3 Kh7 16.f3 exf3 17.Bxf3 Qb6 18.Rac1 f5 19.Rc7 f4 20.Be4+ Kh8 21.Qc2 
Bxh3 22.Be1 Rac8 23.Rc5 Be6 24.Bc3 Bc4 25.Rc1 Ba6 26.Bf5 e6 27.Be4 fxe3 
28.b4 e2 29.d5 Rxc5 30.Bxg7+ Kxg7 31.bxc5 Rf1+ 32.Kh2 Qb4 33.a3 Rxc1 0-1

[Event "Continental"]
[Site "Sao Paulo BRA"]
[Date "2009.07.29"]
[Round "6.83"]
[White "Matsuura, Frederico"]
[Black "Wolff, Carlos Alberto"]
[Result "1-0"]
[WhiteElo "2303"]
[BlackElo "2017"]
[EventDate "2009.07.25"]
[PlyCount "73"]

1.d4 d5 2.c4 e6 3.Nc3 c6 4.Nf3 Nf6 5.Bg5 Nbd7 6.e3 Be7 7.Rc1 O-O 8.Qc2 Re8
9.a3 a6 10.h3 Nh5 11.Bxe7 Qxe7 12.Bd3 g6 13.O-O dxc4 14.Bxc4 e5 15.Rfd1 e4
16.Nd2 Ndf6 17.b4 g5 18.Be2 g4 19.hxg4 Bxg4 20.Ndxe4 Nxe4 21.Bxg4 Nxc3 22.
Qxc3 Qh4 23.Bxh5 Qxh5 24.Qc5 Qh6 25.Qf5 Re6 26.Rc5 Rg6 27.Re5 Qg7 28.Qf3 
Rd8 29.Rc1 h6 30.Rcc5 f6 31.Re6 Kf7 32.Rce5 Rd7 33.Re8 Rg5 34.Qh3 Kg6 35.
Rxg5+ fxg5 36.Qe6+ Kh5 37.Rg8 1-0